No plan B / (Record no. 13086)
[ view plain ]
| 000 -LEADER | |
|---|---|
| fixed length control field | 00652nam a2200253 a 4500 |
| 001 - CONTROL NUMBER | |
| JCCL Control Number | 13086 |
| 003 - CONTROL NUMBER IDENTIFIER | |
| JCCL marc code | BD-JhCC |
| 005 - DATE AND TIME OF LATEST TRANSACTION | |
| control field | 20230624110125.0 |
| 008 - FIXED-LENGTH DATA ELEMENTS--GENERAL INFORMATION | |
| fixed length control field | 230624s2022 uk |||| |||| 000 0 eng d |
| 020 ## - INTERNATIONAL STANDARD BOOK NUMBER | |
| International Standard Book Number | 9781787633759 |
| 035 ## - SYSTEM CONTROL NUMBER | |
| system control number | (BD-JhCC)13086 |
| 040 ## - CATALOGING SOURCE | |
| Original cataloging agency | BD-JhCC |
| Modifying agency | BD-JhCC |
| 041 ## - LANGUAGE CODE | |
| Language code of Book | eng |
| 082 ## - DEWEY DECIMAL CLASSIFICATION NUMBER | |
| Classification number | 813.54 |
| Author mark and Year | CHI 2022 |
| 100 ## - MAIN ENTRY--PERSONAL NAME | |
| Personal name | Child, Lee |
| 245 ## - TITLE STATEMENT | |
| Title | No plan B / |
| Statement of responsibility, etc | Lee Child and Andrew Child |
| 260 ## - PUBLICATION, DISTRIBUTION, ETC. (IMPRINT) | |
| Place of publication, distribution, etc | London : |
| Name of publisher, distributor, etc | Bantam, |
| Date of publication, distribution, etc | 2022 |
| 300 ## - PHYSICAL DESCRIPTION | |
| Pagination | 372 p. : |
| Dimensions | 23 cm. |
| 490 ## - SERIES STATEMENT | |
| Series statement | A Jack Reacher Thriller |
| 650 ## - SUBJECT ADDED ENTRY--TOPICAL TERM | |
| Topical term or geographic name as entry element | Reacher, Jack (Fictitious character) |
| 650 ## - SUBJECT ADDED ENTRY--TOPICAL TERM | |
| Topical term or geographic name as entry element | Thriller |
| 700 ## - ADDED ENTRY--PERSONAL NAME | |
| Personal name | Child, Andrew |
| 942 ## - ADDED ENTRY ELEMENTS (KOHA) | |
| Source of classification or shelving scheme | Dewey Decimal Classification |
| Koha item type | Books |
| Source of classification or shelving scheme | Damaged status | Not for loan | Home library | Current library | Shelving location | Date of accession | Cost, normal purchase price | Total Checkouts | Full call number | Barcode | Date last seen | Date checked out | Copy number | Method of acquisition | Koha item type | Currency |
|---|---|---|---|---|---|---|---|---|---|---|---|---|---|---|---|---|
| Dewey Decimal Classification | JCC Rouf Library | JCC Rouf Library | General Stacks | 06/24/2023 | 1258.00 | 8 | 813.54 CHI 2022 | 18486 | 07/15/2025 | 06/29/2025 | C-1 | Purchase | Books | BDT |